| 000 | 00621nam a22002177a 4500 | ||
|---|---|---|---|
| 999 |
_c8503 _d8503 |
||
| 001 | 8503 | ||
| 003 | BD-JhCC | ||
| 005 | 20180717083418.0 | ||
| 008 | 180226b1982 bg ||||| |||| 00| 0 ben d | ||
| 035 | _a(BD-JhCC)8503 | ||
| 040 |
_aBD-JhCC _dBD-JhCC |
||
| 041 | _aben | ||
| 082 |
_a923.1 _bNAT 1982 |
||
| 100 | _aনাথ, শ্রী মিলন | ||
| 245 |
_aলিংকন দি আননোন / _cশ্রী মিলন নাথ |
||
| 260 |
_aঢাকাঃ _bঅনুপম প্রকাশনী _c1982. |
||
| 300 |
_a103 p. : _c19 cm. |
||
| 650 | _aBiography | ||
| 942 |
_2ddc _cBK |
||